| 000 | 00614nam a2200205Ia 4500 | ||
|---|---|---|---|
| 008 | 160418s9999 xx 000 0 und d | ||
| 020 | _a971-725-070-7 | ||
| 050 | _aFIL PL 5517 | ||
| 050 | _b.P34P3 2001 c.2 | ||
| 245 | _aPagbasa at pagsulat sa iba't ibang disiplina / | ||
| 245 | _cCarmelita S. Lorenzo… [et al]. | ||
| 260 | _aMakati City: | ||
| 260 | _bGrandwater Pub., | ||
| 260 | _c2001 | ||
| 300 | _a266 pages : | ||
| 300 | _billustrations ; | ||
| 300 | _c22 cm. | ||
| 650 | _aFilipino language -- Study and teaching (Higher). | ||
| 650 | _xFilipino language -- Rhetoric -- Study and teaching. | ||
| 999 |
_c293428 _d293428 |
||